Stacy’s Mom - Fountains of Wayne - All Lyrics - Statistics

General Stats
  • This quiz has been taken 112 times
  • The average score is 314 of 352
Answer Stats
Answer % Correct
goin'
100%
has
100%
I
100%
it
100%
mom
100%
mom,
100%
oh-oh
100%
on
100%
on)
100%
Stacy,
100%
a
99%
got
99%
in
99%
Stacy’s
99%
can
97%
Stacy's
97%
the
97%
love
96%
me
96%
with
96%
with-)
96%
You
96%
you
96%
"You
96%
your
96%
Your
96%
can't
94%
for
94%
I'm
94%
I’m
94%
(I'm
94%
not
94%
be
93%
just
91%
see?
91%
when
91%
You're
91%
but
90%
But
90%
but,
90%
girl
90%
know,
90%
know
90%
she
90%
to
90%
We
90%
lawn?
88%
lawn)
88%
after
87%
(After
87%
and
87%
And
87%
come
87%
her
87%
over
87%
school?
87%
school)
87%
all
85%
She’s
85%
(She's
85%
She's
85%
wrong,
85%
wrong
85%
by
84%
do
84%
out
84%
out,
84%
so
84%
I've
82%
pool
82%
pool)
82%
from
81%
Is
81%
is
81%
might
81%
going
79%
want
79%
hang
78%
(Hang
78%
long
78%
(Wait
78%
came
76%
Did
76%
mowed
76%
(Mowed
76%
trip?
76%
trip)
76%
waited
76%
(Waited
76%
waited)
76%
back
75%
towel
75%
(Towel
75%
like
73%
that
73%
there,
73%
there"
73%
there)
73%
business
72%
(Business
72%
get
72%
or
72%
around
70%
boy
70%
remember
70%
said,
69%
use
69%
dad
67%
it's
67%
could
66%
guy
66%
now,
66%
tell
66%
up
66%
used
66%
way
66%
(Way
66%
little
64%
think
64%
give
63%
(Give
63%
grown
63%
liked
63%
missed
63%
spot
63%
(Spot
63%
baby,
61%
slip?
61%
slip)
61%
stared
61%
stared)
61%
minute)
58%
trying
57%
since
55%
walked
51%
fantasy
48%
No matching quizzes found
Score Distribution
Percent of People with Each Score
Percentile by Number Answered
Your Score History
You have not taken this quiz